| 000 | 00503nam a22001817a 4500 | ||
|---|---|---|---|
| 003 | CEME | ||
| 005 | 20210628202018.0 | ||
| 008 | 210223b xxu||||| |||| 00| 0 eng d | ||
| 020 | _a0-12-640010-5 | ||
| 040 | _c. | ||
| 082 | _a621.3822 SHI | ||
| 100 |
_aShiavi, Richard _957880 |
||
| 245 | _aIntroduction to applied statistical signal analysis | ||
| 260 |
_aNEW YORK _bACADEMIC PRESS _c1999 |
||
| 300 | _aXIV,390P | ||
| 650 |
_aSTATISTICAL SIGNAL ANALYSIS SIGNAL ANALYSIS _957881 |
||
| 942 |
_cBK _2ddc |
||
| 999 |
_c568123 _d568123 |
||